[Event "LSS SF-2009-0-00032"]
[Site "LSS email"]
[Date "2009.06.16"]
[Round "?"]
[White "Ciesla, Daniel"]
[Black "Alonso, Ivan"]
[Result "1-0"]
[WhiteElo "1152"]
[BlackElo "1111"]
[PlyCount "43"]
[EventDate "2009.05.07"]
[EventType "tourn (corr)"]
[EventRounds "6"]
[EventCountry "GER"]
[SourceTitle "Corr 2011"]
[Source "ChessBase"]
[SourceDate "2010.08.31"]
[SourceVersion "1"]
[SourceVersionDate "2010.08.31"]
[SourceQuality "1"]

1. d4 Nf6 2. c4 g6 3. Nf3 Bg7 4. e3 0-0 5. Bd3 d6 6. 0-0 Nbd7 7. Nc3 e5 8. b3 Qe7 9. dxe5 dxe5 10. Nd2 Ne8 11. Bb2 f5 12. e4 Nc5 13. Qc2 f4 14. Nf3 Bg4 15. Be2 Rd8 16. Nd5 Qd6 17. Rfd1 Nf6 18. Nxf4 Qe7 19. Rxd8 Rxd8 20. Nd5 Nxd5 21. cxd5 Rd6 22. Qxc5 1-0

[Event "LSS SN-2009-0-00152"]
[Site "LSS email"]
[Date "2009.05.06"]
[Round "?"]
[White "Alonso, Ivan"]
[Black "Galvein, Prospero"]
[Result "1-0"]
[WhiteElo "1161"]
[BlackElo "571"]
[PlyCount "41"]
[EventDate "2009.04.14"]
[EventType "tourn (corr)"]
[EventRounds "6"]
[EventCountry "GER"]
[SourceTitle "Corr 2011"]
[Source "ChessBase"]
[SourceDate "2010.08.31"]
[SourceVersion "1"]
[SourceVersionDate "2010.08.31"]
[SourceQuality "1"]

1. e4 e5 2. Nf3 Nc6 3. Bb5 Bc5 4. c3 Nf6 5. d4 exd4 6. cxd4 Nxd4 7. Nxd4 Nxe4 8. 0-0 0-0 9. Re1 d5 10. Be3 Qf6 11. Qf3 Qe5 12. Rd1 c6 13. Bf4 Qf6 14. Nb3 Bxf2+ 15. Kh1 cxb5 16. Rxd5 Rd8 17. Rxd8+ Qxd8 18. N1d2 Nxd2 19. Bxd2 Qb6 20. Rf1 Bh4 21. Qxf7+ 1-0

[Event "LSS SN-2009-0-00152"]
[Site "LSS email"]
[Date "2009.05.06"]
[Round "?"]
[White "Cser, Andras"]
[Black "Alonso, Ivan"]
[Result "1-0"]
[WhiteElo "684"]
[BlackElo "1111"]
[PlyCount "53"]
[EventDate "2009.04.14"]
[EventType "tourn (corr)"]
[EventRounds "6"]
[EventCountry "GER"]
[SourceTitle "Corr 2011"]
[Source "ChessBase"]
[SourceDate "2010.08.31"]
[SourceVersion "1"]
[SourceVersionDate "2010.08.31"]
[SourceQuality "1"]

1. e4 e6 2. d4 d5 3. e5 c5 4. c3 Qb6 5. Nf3 Nc6 6. Bd3 Nh6 7. Qe2 Nf5 8. dxc5 Bxc5 9. g4 Nfe7 10. b4 Nxb4 11. cxb4 Qxb4+ 12. Bd2 Qb2 13. Bc3 Qc1+ 14. Qd1 Qf4 15. Bd2 Qxg4 16. Rg1 Qh5 17. Rxg7 Bd7 18. Rg5 Qh3 19. Qe2 0-0-0 20. Rg3 Qh5 21. Nc3 Nf5 22. Bxf5 exf5 23. Nxd5 Bc6 24. Nf6 Bxf3 25. Qxf3 Qxf3 26. Rxf3 Rd5 27. Nxd5 1-0

[Event "LSS SN-2009-0-00152"]
[Site "LSS email"]
[Date "2009.05.06"]
[Round "?"]
[White "Motz, Markus"]
[Black "Alonso, Ivan"]
[Result "0-1"]
[WhiteElo "926"]
[BlackElo "921"]
[PlyCount "22"]
[EventDate "2009.04.14"]
[EventType "tourn (corr)"]
[EventRounds "6"]
[EventCountry "GER"]
[SourceTitle "Corr 2022"]
[Source "ChessBase"]
[SourceDate "2021.10.24"]
[SourceVersion "1"]
[SourceVersionDate "2021.10.24"]
[SourceQuality "1"]

1. d4 d5 2. c4 e6 3. Nc3 f5 4. cxd5 exd5 5. Nf3 Nf6 6. Bf4 c6 7. e3 Be7 8. Bd3 0-0 9. 0-0 Ne4 10. Ne5 Nd7 11. f3 Ng5 0-1

[Event "LSS BI-2009-P-00009"]
[Site "LSS email"]
[Date "2009.04.19"]
[Round "?"]
[White "Daenen, Serge"]
[Black "Alonso, Ivan"]
[Result "1-0"]
[WhiteElo "2079"]
[BlackElo "1161"]
[PlyCount "43"]
[EventDate "2009.04.20"]
[EventType "tourn (corr)"]
[EventRounds "10"]
[EventCountry "GER"]
[SourceTitle "Corr 2011"]
[Source "ChessBase"]
[SourceDate "2010.08.31"]
[SourceVersion "1"]
[SourceVersionDate "2010.08.31"]
[SourceQuality "1"]

1. d4 d5 2. c4 e6 3. Nc3 Nf6 4. Bg5 Be7 5. e3 c6 6. Rc1 0-0 7. Qc2 Nbd7 8. Nf3 Re8 9. a3 h6 10. Bh4 dxc4 11. Bxc4 Nb6 12. Bd3 Nbd5 13. 0-0 Nxc3 14. Qxc3 Ne4 15. Bxe7 Nxc3 16. Bxd8 Rxd8 17. Rxc3 Rd6 18. Ne5 f6 19. Nc4 Rd8 20. Bg6 b6 21. Rfc1 Ba6 22. b4 1-0

[Event "LSS OP-2009-0-00806"]
[Site "LSS email"]
[Date "2009.04.05"]
[Round "?"]
[White "Aalderink, Gerwin"]
[Black "Alonso, Ivan"]
[Result "1-0"]
[WhiteElo "2117"]
[BlackElo "1161"]
[PlyCount "47"]
[EventDate "2009.03.29"]
[EventType "tourn (corr)"]
[EventRounds "4"]
[EventCountry "GER"]
[SourceTitle "Corr 2011"]
[Source "ChessBase"]
[SourceDate "2010.08.31"]
[SourceVersion "1"]
[SourceVersionDate "2010.08.31"]
[SourceQuality "1"]

1. e4 c5 2. Nf3 d6 3. d4 cxd4 4. Nxd4 Nf6 5. Nc3 g6 6. Be3 Bg7 7. f3 0-0 8. Qd2 Nc6 9. Bc4 Bd7 10. 0-0-0 Rc8 11. Bb3 Ne5 12. h4 h5 13. Kb1 Nc4 14. Bxc4 Rxc4 15. Nde2 b5 16. Bh6 a5 17. Bxg7 Kxg7 18. Nf4 b4 19. Ncd5 Ng8 20. g4 hxg4 21. h5 e5 22. hxg6 Nh6 23. Ne6+ Bxe6 24. Qxh6+ 1-0

[Event "LSS OP-2009-0-00806"]
[Site "LSS email"]
[Date "2009.04.05"]
[Round "?"]
[White "Alonso, Ivan"]
[Black "Galvein, Prospero"]
[Result "1-0"]
[WhiteElo "993"]
[BlackElo "399"]
[PlyCount "31"]
[EventDate "2009.03.29"]
[EventType "tourn (corr)"]
[EventRounds "4"]
[EventCountry "GER"]
[SourceTitle "Corr 2015"]
[Source "ChessBase"]
[SourceDate "2015.07.17"]
[SourceVersion "1"]
[SourceVersionDate "2015.07.17"]
[SourceQuality "1"]

1. e4 e5 2. Nf3 Nc6 3. Bc4 Bc5 4. c3 Nf6 5. d4 exd4 6. cxd4 Bb4+ 7. Nc3 Nxe4 8. 0-0 0-0 9. Nxe4 d6 10. Qb3 Be6 11. d5 Bxd5 12. Bxd5 Ne5 13. Nxe5 dxe5 14. Bxf7+ Rxf7 15. Ng5 Kh8 16. Nxf7+ 1-0

[Event "LSS SN-2009-0-00135"]
[Site "LSS email"]
[Date "2009.02.26"]
[Round "?"]
[White "Krzysztoporski, Adrian"]
[Black "Alonso, Ivan"]
[Result "1/2-1/2"]
[WhiteElo "800"]
[BlackElo "800"]
[PlyCount "44"]
[EventDate "2009.02.13"]
[EventType "tourn (corr)"]
[EventRounds "6"]
[EventCountry "GER"]
[SourceTitle "Corr 2011"]
[Source "ChessBase"]
[SourceDate "2010.08.31"]
[SourceVersion "1"]
[SourceVersionDate "2010.08.31"]
[SourceQuality "1"]

1. e4 e5 2. Nf3 Nc6 3. Bb5 f5 4. Nc3 fxe4 5. Nxe4 Nf6 6. Nxf6+ Qxf6 7. 0-0 Bd6 8. Bxc6 dxc6 9. h3 0-0 10. d3 Bf5 11. Bg5 Qf7 12. Be3 Bxh3 13. Ng5 Qd7 14. Nxh3 Rf6 15. Ng5 Rg6 16. Ne4 Qh3 17. Ng5 Qd7 18. Qh5 Rh6 19. Qf3 e4 20. Nxe4 Bh2+ 21. Kh1 Bf4+ 22. Kg1 Bh2+ 1/2-1/2

[Event "LSS SN-2009-0-00135"]
[Site "LSS email"]
[Date "2009.02.25"]
[Round "?"]
[White "Zukan, Jakob"]
[Black "Alonso, Ivan"]
[Result "0-1"]
[WhiteElo "726"]
[BlackElo "800"]
[PlyCount "44"]
[EventDate "2009.02.13"]
[EventType "tourn (corr)"]
[EventRounds "6"]
[EventCountry "GER"]
[SourceTitle "Corr 2011"]
[Source "ChessBase"]
[SourceDate "2010.08.31"]
[SourceVersion "1"]
[SourceVersionDate "2010.08.31"]
[SourceQuality "1"]

1. d4 d5 2. Nf3 Nf6 3. c4 e6 4. e3 c6 5. Bd3 Be7 6. 0-0 0-0 7. Qc2 Nbd7 8. Nc3 b6 9. e4 dxe4 10. Nxe4 Bb7 11. Neg5 h6 12. Bh7+ Kh8 13. Nxf7+ Rxf7 14. Bg6 Rf8 15. Rd1 c5 16. Be3 Bxf3 17. gxf3 Qb8 18. dxc5 Nxc5 19. Bxc5 Bxc5 20. a3 Qf4 21. Be4 Nxe4 22. fxe4 Bxf2+ 0-1